| 000 | 01373nam a2200265Ia 4500 | ||
|---|---|---|---|
| 999 |
_c53291 _d53291 |
||
| 001 | 20332 | ||
| 003 | GE_BSU | ||
| 005 | 20200914215221.0 | ||
| 008 | 181216s1952||||ge |||||||||||||| ||geo|| | ||
| 040 | _cGE_BSU | ||
| 041 | _ageo | ||
| 080 | _a811.353.1(072) თ-25 | ||
| 100 |
_aთალაკვაძე, თ. _99535 |
||
| 245 |
_aქართული ენის სწავლება V კლასში / _cთ.თალაკვაძე, ვ. რამიშვილი, კ. გუგუშვილი ; რედ. აკ. თოფურია. |
||
| 264 |
_aთბილისი : _bინსტიტუტის გამომცემლობა, _c1952. |
||
| 300 |
_a183 გვ. ; _c21 სმ. |
||
| 541 | _h1ლ.12თ. | ||
| 653 | _aქართული ენა | ||
| 653 | _aქართული ენის სწავლება V კლასში | ||
| 700 |
_aრამიშვილი, ვ. _eავტორი _99536 |
||
| 700 |
_aგუგუშვილი, კ. _eავტორი _99340 |
||
| 700 |
_aთოფურია, აკ. _eრედაქტორი _99536 |
||
| 710 |
_aსაქართველოს სსრ განათლების სამინისტროს პედაგოგიურ მეცნიერებათა ინსტიტუტი _99537 |
||
| 942 |
_cBK _2udc |
||